LEADER 01145nam a2200265 i 4500 001 000000156115 003 CaOOAMICUS 005 20061218000000.0 008 061218s1968 it u000 u fre u 013 $a133470 040 $aSeMil$bita 245 13$aDe Rousseau à Marcel Proust /$crecueil d'essais littéraires par Charly Guyot ; avant-propos de Marcel Raymond. 260 $aNeuchâtel :$bIdes et Calendes,$ccopyr. 1968. 300 $a233 p. ;$c24 cm. 500 $aContiene : Bibliographie. - Fondo Ciprandi. 600 14$aRousseau, Jean-Jacques <1712-1778>.$0(OLS)http://semarc/subject/8482 600 14$aProust, Marcel <1871-1922>.$0(OLS)http://semarc/subject/12447 700 1 $aRaymond, Marcel,$d<1897-1981>.$0(OLS)http://semarc/name/8900 700 1 $aGuyot, Charly.$0(OLS)http://semarc/name/61036 850 $aSeMil 852 $aSeMil$W1$xVenegono$y1$m1U V 12$j107917$B107917$CSeMilBibl$Z2$F118212 $81 941 1 $a1 961 $aOmaggio: Ciprandi dott. Paolo 996 $6245$aDe Rousseau à Marcel Proust$9(OLS)http://semarc/title/228777 996 $6260$aNeuchâtel :$bIdes et Calendes$9(OLS)http://semarc/publisher/45779 LEADER 00717nam a2200181 i 4500 001 000000017245 003 CaOOAMICUS 005 20180830125443.0 008 180830s2005 it u000 u ita u 040 $aSeMil$bita 100 1 $aMaffeis, Daniele.$0(OLS)http://semarc/name/7890 245 10$aComposizioni per orchestra /$cA cura di Pieralberto Cattaneo. 300 $av. :$b[1] ritratto. 700 1 $aCattaneo, Pieralberto.$0(OLS)http://semarc/name/7898 773 0 $aMaffeis, Daniele$tOpera omnia.$dBergamo : Ed. Carrara, [200?]$w()17231 774 0 $aMaffeis, Daniele$tFantoniana.$gTomo1$w()158746 774 0 $aMaffeis, Daniele$tSimphonicum.$w()210589 996 $6245$aComposizioni per orchestra$9(OLS)http://semarc/title/22808